Flora Ilustrada del Páramo de Chingaza: (Registro nro. 18945)

Detalles MARC
000 -CABECERA
Campo de control 00810nam a22002417a 4500
005 - FECHA Y HORA DE LA ULTIMA TRANSACCION
Campo de control 20180118112227.0
008 - ELEMENTOS DE LONGITUD FIJA—INFORMACION GENERAL
Campo de control 160801b xxu||||| |||| 00| 0 spa d
020 ## - ISBN
ISBN 9583368237
040 ## - FUENTE DE CATALOGACIÓN
Agencia catalogadora original CO-BoIAVH
Agencia transcriptora CO-BoIAVH
041 ## - IDIOMA
Código de idioma para texto/pista de sonido o título separado Español
044 ## - PAÍS DE PUBLICACIÓN
País de publicación Colombia
090 ## - CLASIFICACIÓN LOCAL
Colección FG
Consecutivo 128
100 1# - ASIENTO PRINCIPAL--NOMBRE PERSONAL
Nombre personal Madriñan, Santiago
9 (RLIN) 35824
245 10 - MENCION DE TITULO
Título Flora Ilustrada del Páramo de Chingaza:
Parte restante del título Guía de Campo de Plantas Comunes
260 ## - PUBLICACION, DISTRIBUCION, ETC. (PIE DE IMPRENTA)
Lugar de publicación, distribución, etc. Bogotá:
Nombre del editor, distribuidor, etc. Universidad de los Andes,
Fecha de publicación, distribución, etc. 2004.
300 ## - DESCRIPCION FISICA
Extensión 30 Paginas
Dimensiones 27 x 10 cm
650 14 - ASIENTO SECUNDARIO DE MATERIA - TERMINO TEMATICO
Término temático o nombre geográfico como elemento de entrada Flora
Subdivisión geográfica Páramo de Chingaza
9 (RLIN) 89170
650 14 - ASIENTO SECUNDARIO DE MATERIA - TERMINO TEMATICO
Término temático o nombre geográfico como elemento de entrada Lista de Especies
Subdivisión geográfica Páramo de Chingaza
9 (RLIN) 89171
650 14 - ASIENTO SECUNDARIO DE MATERIA - TERMINO TEMATICO
Término temático o nombre geográfico como elemento de entrada Clasificación
Subdivisión geográfica Páramo de Chingaza
9 (RLIN) 89172
650 14 - ASIENTO SECUNDARIO DE MATERIA - TERMINO TEMATICO
Término temático o nombre geográfico como elemento de entrada Descripción Flora
Subdivisión geográfica Páramo de Chingaza
9 (RLIN) 89173
710 ## - ASIENTO SECUNDARIO - NOMBRE CORPORATIVO
Nombre corporativo o de jurisdicción como elemento de entrada Acueducto de Bogotá
9 (RLIN) 73806
942 ## - ELEMENTOS ADICIONALES (KOHA)
Sistema de clasificación Local
Tipo de ítem Folleto
Koha issues (borrowed), all copies 3
Existencias
Withdrawn status Lost status Sistema de Clasificación Damaged status No para préstamo Colección Ubicación Permanente Ubicación actual Fecha de adquisición Total Checkouts Número topográfico Inventario / Código de Barras Date last seen Date checked out Ejemplar Price effective from Forma de adquisición Tipo de material Inventariado
    Local     General Bogotá Bogotá 01/08/2016 2 FG-0258 038731 10/09/2018 05/09/2018 Ej. 1 01/08/2016 Donación Folleto  
    Dewey Decimal Classification     General Sala Fabio Quevedo Sala Fabio Quevedo 01/09/2017 2 LB-580 M18f 034575 19/09/2017 19/09/2017 Ej. 1 01/09/2017 Donación Folleto Inventariado 2017